00913nam a2200253 a 450000100060000000300080000600500170001400800410003102000340007203500190010604000270012504100080015208200270016010000240018724501090021126000330032030000260035350400360037965000380041565000370045394200120049099900170050295201400051962235BD-RjUL20211209081046.0170123s1983 ne b 001 0 eng  a9004068864 (pbk.) :cfl 80.00 a(BD-RjUL)62361 aDLCcDLCdBD-RjULbeng aeng00a792.0952223bRAA 19831 aRaz, Jacob.918510410aAudience and actors :ba study of their interaction in the Japanese traditional theatre /cby Jacob Raz. aLeiden :bE.J. Brill,c1983. axii, 307 p. ;c24 cm. aIncludes index and bibliography 0aTheater audienceszJapan.9185105 0aTheaterzJapanxHistory.9185106 2ddccBK c62235d62235 00102ddc40718NFICaRUCLbRUCLcReadingd1994-07-05eAsia foundationl0o792.0952 RAA 1983r2017-01-23 00:00:00tC-1w2017-01-23yBK